[Event "Titled Tuesday intern op 11th Jan"]
[Site "Chess.com INT"]
[Date "2022.01.11"]
[Round "2"]
[White "Crevatin, Leo"]
[Black "Johnson, Joel F"]
[Result "1-0"]
[WhiteElo "2266"]
[BlackElo "2223"]
[PlyCount "91"]
[EventDate "2022.01.11"]
[EventType "swiss (blitz)"]
[EventRounds "11"]
[EventCountry "USA"]
[SourceTitle "CBM 206 Extra"]
[Source "ChessBase"]
[SourceDate "2022.03.31"]
[SourceVersion "1"]
[SourceVersionDate "2022.03.31"]
[SourceQuality "1"]

1. d4 b5 2. e4 a6 3. Nf3 Bb7 4. Bd3 e6 5. 0-0 Nf6 6. Re1 d6 7. a4 b4 8. Bg5 h6 9. Bh4 g5 10. Bg3 Nbd7 11. e5 Nd5 12. Nfd2 h5 13. exd6 cxd6 14. Ne4 N7f6 15. h3 h4 16. Bh2 g4 17. hxg4 h3 18. g5 Nxe4 19. Bxe4 Qxg5 20. f4 Qg7 21. g4 Rh4 22. g5 f6 23. Qf3 0-0-0 24. c4 bxc3 25. Nxc3 fxg5 26. Nxd5 exd5 27. Bf5+ Kb8 28. Kh1 g4 29. Qf2 Be7 30. Bg3 Rh5 31. Be6 h2 32. f5 Rh3 33. Rf1 Bf6 34. Rad1 Rdh8 35. Bxd6+ Ka8 36. Bg3 Rxg3 37. Qxg3 Rh3 38. Qg2 Re3 39. Bxd5 Re7 40. Bxb7+ Rxb7 41. Rfe1 g3 42. b4 Bxd4 43. b5 a5 44. Re6 Bf2 45. f6 Qc7 46. Re7 1-0

[Event "Titled Tuesday intern op 11th Jan"]
[Site "Chess.com INT"]
[Date "2022.01.11"]
[Round "1"]
[White "Nechaeva, Marina"]
[Black "Johnson, Joel F"]
[Result "1-0"]
[WhiteElo "2372"]
[BlackElo "2223"]
[PlyCount "61"]
[EventDate "2022.01.11"]
[EventType "swiss (blitz)"]
[EventRounds "11"]
[EventCountry "USA"]
[SourceTitle "CBM 206 Extra"]
[Source "ChessBase"]
[SourceDate "2022.03.31"]
[SourceVersion "1"]
[SourceVersionDate "2022.03.31"]
[SourceQuality "1"]

1. d4 b5 2. e4 a6 3. c4 bxc4 4. Bxc4 e6 5. Nc3 Bb7 6. Nge2 d6 7. 0-0 Nf6 8. f3 c5 9. d5 e5 10. f4 exf4 11. Bxf4 Nbd7 12. Ng3 g6 13. Qd2 Qe7 14. Rae1 Bg7 15. e5 dxe5 16. d6 Qd8 17. Bxe5 0-0 18. Bf4 Re8 19. Rxe8+ Qxe8 20. Re1 Qf8 21. Re7 Re8 22. Bxf7+ Qxf7 23. Rxf7 Kxf7 24. Qd1 h5 25. Qb3+ Kf8 26. Qxb7 Ng4 27. Nge2 Bd4+ 28. Kf1 Ndf6 29. h3 Ne3+ 30. Bxe3 Rxe3 31. d7 1-0

[Event "Titled Tuesday intern op 11th Jan"]
[Site "Chess.com INT"]
[Date "2022.01.11"]
[Round "7"]
[White "Zaichenko, Daria"]
[Black "Johnson, Joel F"]
[Result "1/2-1/2"]
[WhiteElo "2104"]
[BlackElo "2223"]
[PlyCount "65"]
[EventDate "2022.01.11"]
[EventType "swiss (blitz)"]
[EventRounds "11"]
[EventCountry "USA"]
[SourceTitle "CBM 206 Extra"]
[Source "ChessBase"]
[SourceDate "2022.03.31"]
[SourceVersion "1"]
[SourceVersionDate "2022.03.31"]
[SourceQuality "1"]

1. e4 a6 2. d4 b5 3. c3 Bb7 4. d5 e6 5. f4 Nf6 6. dxe6 fxe6 7. e5 Nd5 8. Bd3 Bc5 9. Qh5+ Kf8 10. Nf3 Nc6 11. Ng5 Qe8 12. Nxh7+ Kg8 13. Qxe8+ Rxe8 14. Ng5 Be3 15. Bxe3 Nxe3 16. Kf2 Nf5 17. Nd2 d6 18. Be4 dxe5 19. fxe5 Ba8 20. Rae1 Rh5 21. Nxe6 Rxe6 22. Bd5 Kf7 23. g4 Rg5 24. gxf5 Rxf5+ 25. Nf3 Nxe5 26. Bxa8 Nd3+ 27. Kg3 Nxe1 28. Nxe1 Rg6+ 29. Kh4 Rf4+ 30. Kh3 Rf5 31. Kh4 Rf4+ 32. Kh3 Rf5 33. Kh4 1/2-1/2

[Event "Titled Tuesday intern op 12th Oct"]
[Site "Chess.com INT"]
[Date "2021.10.12"]
[Round "6"]
[White "Dias, Joao Batista de Sou"]
[Black "Johnson, Joel F"]
[Result "0-1"]
[WhiteElo "1838"]
[BlackElo "2223"]
[PlyCount "60"]
[EventDate "2021.10.12"]
[EventType "swiss (blitz)"]
[EventRounds "11"]
[EventCountry "USA"]
[SourceTitle "EXT 2023"]
[Source "ChessBase"]
[SourceDate "2022.10.05"]
[SourceVersion "1"]
[SourceVersionDate "2022.10.05"]
[SourceQuality "1"]

1. e4 a6 2. d4 b5 3. Bd3 Bb7 4. Ne2 e6 5. 0-0 Nf6 6. c3 d6 7. Bg5 h6 8. Bxf6 gxf6 9. f3 Nd7 10. Nd2 Rg8 11. Kh1 h5 12. Qe1 Bh6 13. Rd1 f5 14. exf5 Qg5 15. Rg1 0-0-0 16. fxe6 fxe6 17. c4 b4 18. Ne4 Qg7 19. c5 Nf6 20. cxd6 cxd6 21. Qxb4 Nxe4 22. fxe4 Be3 23. Qc4+ Kb8 24. Qxe6 Bxg1 25. Rxg1 Ka8 26. Qb3 Rdf8 27. Qa4 Ka7 28. Nc3 Rf2 29. Nb5+ Ka8 30. Nxd6 Rxg2 0-1

[Event "Titled Tuesday intern op 12th Oct"]
[Site "Chess.com INT"]
[Date "2021.10.12"]
[Round "7"]
[White "Johnson, Joel F"]
[Black "Cramling Bellon, Anna"]
[Result "0-1"]
[WhiteElo "2223"]
[BlackElo "2035"]
[PlyCount "98"]
[EventDate "2021.10.12"]
[EventType "swiss (blitz)"]
[EventRounds "11"]
[EventCountry "USA"]
[SourceTitle "EXT 2023"]
[Source "ChessBase"]
[SourceDate "2022.10.05"]
[SourceVersion "1"]
[SourceVersionDate "2022.10.05"]
[SourceQuality "1"]

1. e4 c5 2. Nc3 Nc6 3. f4 g6 4. Nf3 Bg7 5. Bc4 e6 6. f5 gxf5 7. d3 Nge7 8. Bg5 Qa5 9. 0-0 0-0 10. Qe1 fxe4 11. dxe4 f6 12. Bd2 Qc7 13. Rd1 a6 14. a4 Ng6 15. Qe2 Nge5 16. Nd5 exd5 17. exd5 Nxc4 18. Qxc4 b5 19. Qg4 d6 20. Qg3 Ne5 21. Nh4 Bd7 22. Bh6 Bg4 23. Bxg7 Qxg7 24. Rde1 Rae8 25. Rf4 Bd7 26. Qf2 Ng4 27. Qd2 Rxe1+ 28. Qxe1 Re8 29. Qg3 Qg5 30. h3 Nh6 31. Qf2 Rf8 32. Kh2 Qg7 33. g3 Nf7 34. Nf3 Ng5 35. Nxg5 fxg5 36. Rxf8+ Qxf8 37. Qe3 Qf6 38. axb5 axb5 39. b3 Qe5 40. Qd2 Qf5 41. g4 Qf4+ 42. Qxf4 gxf4 43. Kg2 Kg7 44. Kf3 Kf6 45. Kxf4 Be8 46. h4 Bf7 47. g5+ Ke7 48. Ke4 Bg6+ 49. Kf4 Bxc2 0-1

[Event "Titled Tuesday intern op 12th Oct"]
[Site "Chess.com INT"]
[Date "2021.10.12"]
[Round "9"]
[White "Joubert, Dantelle"]
[Black "Johnson, Joel F"]
[Result "1-0"]
[WhiteElo "1566"]
[BlackElo "2223"]
[PlyCount "103"]
[EventDate "2021.10.12"]
[EventType "swiss (blitz)"]
[EventRounds "11"]
[EventCountry "USA"]
[SourceTitle "EXT 2023"]
[Source "ChessBase"]
[SourceDate "2022.10.05"]
[SourceVersion "1"]
[SourceVersionDate "2022.10.05"]
[SourceQuality "1"]

1. d4 b5 2. e4 a6 3. f3 Bb7 4. Nc3 e6 5. Be3 Nf6 6. Qd2 d6 7. 0-0-0 Nbd7 8. Kb1 Rc8 9. h4 c5 10. h5 h6 11. g4 cxd4 12. Bxd4 b4 13. Nce2 Qa5 14. Nc1 e5 15. Be3 d5 16. g5 hxg5 17. Bxg5 d4 18. Bh3 Qb6 19. h6 gxh6 20. Bh4 a5 21. Nge2 a4 22. f4 Bd6 23. Bxf6 Nxf6 24. Bxc8 Bxc8 25. fxe5 Bxe5 26. Nxd4 Bxd4 27. Qxd4 Qxd4 28. Rxd4 b3 29. Rxa4 bxc2+ 30. Kxc2 h5 31. Ra8 Ke7 32. e5 Bf5+ 33. Kd2 Rxa8 34. exf6+ Kxf6 35. Rxh5 Bg6 36. Rc5 Rd8+ 37. Kc3 Ke6 38. Nb3 f5 39. Nd4+ Kf6 40. Rc6+ Kg5 41. Ne6+ Kg4 42. Nxd8 Bh5 43. Rf6 f4 44. b4 f3 45. b5 Kg5 46. Rf8 Bg4 47. b6 Bf5 48. b7 f2 49. b8Q f1Q 50. Qg3+ Kh6 51. Nf7+ Kh7 52. Qg8# 1-0

[Event "Titled Tuesday intern op 12th Oct"]
[Site "Chess.com INT"]
[Date "2021.10.12"]
[Round "8"]
[White "Nikulina, Alena"]
[Black "Johnson, Joel F"]
[Result "0-1"]
[WhiteElo "1923"]
[BlackElo "2223"]
[PlyCount "52"]
[EventDate "2021.10.12"]
[EventType "swiss (blitz)"]
[EventRounds "11"]
[EventCountry "USA"]
[SourceTitle "EXT 2023"]
[Source "ChessBase"]
[SourceDate "2022.10.05"]
[SourceVersion "1"]
[SourceVersionDate "2022.10.05"]
[SourceQuality "1"]

1. e4 a6 2. d4 b5 3. c4 bxc4 4. Bxc4 e6 5. Nf3 Bb7 6. Nc3 Nf6 7. Bd3 d6 8. 0-0 Nbd7 9. Bg5 h6 10. Bh4 g5 11. Bg3 Rg8 12. Re1 h5 13. e5 Nd5 14. exd6 cxd6 15. Ne4 N7b6 16. h4 gxh4 17. Bxh4 Be7 18. Bxe7 Qxe7 19. Qd2 Rg4 20. Kh2 Nf4 21. g3 Nxd3 22. Qxd3 0-0-0 23. Rac1+ Kb8 24. Nh4 Rdg8 25. Rg1 Bxe4 26. Qxa6 Rxh4+ 0-1

[Event "Titled Tuesday intern op 21st Sept"]
[Site "Chess.com INT"]
[Date "2021.09.21"]
[Round "2"]
[White "Perez Gormaz, Matias Ariel"]
[Black "Johnson, Joel F"]
[Result "1-0"]
[WhiteElo "2404"]
[BlackElo "2223"]
[PlyCount "39"]
[EventDate "2021.09.21"]
[EventType "swiss (blitz)"]
[EventRounds "9"]
[EventCountry "USA"]
[SourceTitle "EXT 2022"]
[Source "ChessBase"]
[SourceDate "2021.10.06"]
[SourceVersion "1"]
[SourceVersionDate "2021.10.06"]
[SourceQuality "1"]

1. e4 a6 2. d4 b5 3. Nf3 Bb7 4. Bd3 e6 5. 0-0 Nf6 6. Qe2 d6 7. a4 b4 8. Nbd2 Nbd7 9. a5 Rg8 10. c3 bxc3 11. bxc3 g5 12. Rb1 Rb8 13. Bxa6 Bxa6 14. Qxa6 Ra8 15. Qb5 g4 16. Ne1 Rb8 17. Qc6 Rxb1 18. Nxb1 h5 19. a6 h4 20. a7 1-0

[Event "Titled Tuesday intern op 02nd Feb"]
[Site "Chess.com INT"]
[Date "2021.02.02"]
[Round "9"]
[White "Barrionuevo, Pablo"]
[Black "Johnson, Joel F"]
[Result "1-0"]
[WhiteElo "2259"]
[BlackElo "2223"]
[PlyCount "71"]
[EventDate "2021.02.02"]
[EventType "swiss (blitz)"]
[EventRounds "11"]
[EventCountry "USA"]
[SourceTitle "CBM 200 Extra"]
[Source "ChessBase"]
[SourceDate "2021.03.31"]
[SourceVersion "1"]
[SourceVersionDate "2021.03.31"]
[SourceQuality "1"]

1. e4 a6 2. d4 b5 3. Bd3 Bb7 4. Nf3 e6 5. 0-0 Nf6 6. Re1 d6 7. a4 b4 8. Nbd2 Nbd7 9. Nf1 h6 10. Ng3 g5 11. d5 Rg8 12. Nd4 e5 13. Ndf5 Bc8 14. a5 Nc5 15. Bd2 Rb8 16. Qf3 g4 17. Qe2 h5 18. Nf1 Bxf5 19. exf5 Nxd5 20. Bc4 c6 21. Ng3 h4 22. Ne4 Nxe4 23. Qxe4 Qf6 24. Bxd5 cxd5 25. Qxd5 Qxf5 26. c3 g3 27. fxg3 hxg3 28. Rf1 gxh2+ 29. Kh1 Qg6 30. Qc6+ Ke7 31. cxb4 Rc8 32. Qb7+ Kd8 33. Be3 Qe6 34. Bb6+ Ke8 35. Rac1 Rxc1 36. Rxc1 1-0

[Event "Titled Tuesday intern op 02nd Feb"]
[Site "Chess.com INT"]
[Date "2021.02.02"]
[Round "10"]
[White "Johnson, Joel F"]
[Black "Schill, William"]
[Result "0-1"]
[WhiteElo "2223"]
[BlackElo "2147"]
[PlyCount "122"]
[EventDate "2021.02.02"]
[EventType "swiss (blitz)"]
[EventRounds "11"]
[EventCountry "USA"]
[SourceTitle "CBM 200 Extra"]
[Source "ChessBase"]
[SourceDate "2021.03.31"]
[SourceVersion "1"]
[SourceVersionDate "2021.03.31"]
[SourceQuality "1"]

1. e4 c5 2. Nc3 Nc6 3. f4 g6 4. Nf3 Bg7 5. Bc4 e6 6. f5 Nge7 7. fxg6 hxg6 8. d3 d5 9. Bb3 b5 10. 0-0 c4 11. dxc4 dxc4 12. Qxd8+ Nxd8 13. Nxb5 cxb3 14. Nc7+ Kd7 15. Nxa8 Bb7 16. axb3 Bxa8 17. Rxa7+ Bb7 18. Rd1+ Kc8 19. Bf4 Nec6 20. Ra4 Bxb2 21. h3 f6 22. Be3 Be5 23. Kf2 Bc7 24. Bc5 e5 25. Ke3 Ne6 26. b4 Re8 27. Bd6 Bb6+ 28. Ke2 Ncd4+ 29. Nxd4 Nxd4+ 30. Kd3 Kd7 31. Bc5 Bxc5 32. bxc5 Kc7 33. c3 Ne6 34. Rb1 Nxc5+ 35. Kc4 Nxa4 36. Rf1 Re6 37. Kb4 Nb6 38. c4 Bxe4 39. c5 Nd7 40. Kb5 Bc6+ 41. Kc4 f5 42. Ra1 e4 43. Ra7+ Kb8 44. Ra2 Re5 45. Ra1 Rxc5+ 46. Kd4 Rd5+ 47. Ke3 Kc7 48. Ke2 Kd6 49. g4 Ke5 50. gxf5 gxf5 51. h4 f4 52. Rh1 Bb5+ 53. Ke1 Ba4 54. Rh2 Rd1+ 55. Ke2 f3+ 56. Ke3 Rd3+ 57. Kf2 Rd2+ 58. Kg3 Rxh2 59. Kxh2 Kf4 60. Kg1 e3 61. Kf1 f2 0-1

[Event "Titled Tuesday intern op 01st Dec"]
[Site "Chess.com INT"]
[Date "2020.12.01"]
[Round "3"]
[White "Brahami, Lamine"]
[Black "Johnson, Joel F"]
[Result "0-1"]
[WhiteElo "2194"]
[BlackElo "2223"]
[PlyCount "82"]
[EventDate "2020.12.01"]
[EventType "swiss (blitz)"]
[EventRounds "11"]
[EventCountry "USA"]
[SourceTitle "CBM 199 Extra"]
[Source "ChessBase"]
[SourceDate "2021.01.31"]
[SourceVersion "1"]
[SourceVersionDate "2021.01.31"]
[SourceQuality "1"]

1. d4 b5 2. Nf3 a6 3. e4 Bb7 4. Bd3 e6 5. 0-0 Nf6 6. Re1 d6 7. Bg5 h6 8. Bh4 g5 9. Bg3 Nbd7 10. Nbd2 Rg8 11. Rc1 h5 12. h4 gxh4 13. Nxh4 Bh6 14. c4 bxc4 15. Rxc4 Bg5 16. Nhf3 Ng4 17. Nxg5 Qxg5 18. Rxc7 Nxf2 19. Qf3 Nxd3 20. Qxd3 Rb8 21. Nf1 h4 22. Bxh4 Qxh4 23. Re3 Qd8 24. Rc2 Nf6 25. d5 e5 26. Rf3 Bc8 27. Ne3 Ng4 28. Nxg4 Bxg4 29. Rg3 Qh4 30. Rc7 Rxb2 31. Qf1 Rf8 32. Rgc3 Qd8 33. Qc4 Rb1+ 34. Rc1 Rxc1+ 35. Qxc1 Bd7 36. Qc4 Rg8 37. Qc2 Qg5 38. Ra7 Ke7 39. Rxa6 Qe3+ 40. Kf1 Rg4 41. Qc7 Rf4# 0-1

[Event "Titled Tuesday intern op 01st Dec"]
[Site "Chess.com INT"]
[Date "2020.12.01"]
[Round "2"]
[White "Johnson, Joel F"]
[Black "Bouchet, Sebastien"]
[Result "0-1"]
[WhiteElo "2223"]
[BlackElo "2180"]
[PlyCount "112"]
[EventDate "2020.12.01"]
[EventType "swiss (blitz)"]
[EventRounds "11"]
[EventCountry "USA"]
[SourceTitle "CBM 199 Extra"]
[Source "ChessBase"]
[SourceDate "2021.01.31"]
[SourceVersion "1"]
[SourceVersionDate "2021.01.31"]
[SourceQuality "1"]

1. e4 c5 2. Nc3 g6 3. f4 Bg7 4. Nf3 a6 5. a4 Nc6 6. Bc4 e6 7. f5 Nge7 8. fxg6 hxg6 9. d3 d5 10. Bb3 Nd4 11. 0-0 Nxb3 12. cxb3 dxe4 13. dxe4 Qxd1 14. Rxd1 Nc6 15. Be3 b6 16. Rd2 Na5 17. Rd6 Rb8 18. Rad1 0-0 19. Nd2 Be5 20. Rd3 Bb7 21. Ne2 Rfd8 22. Nf3 Bc7 23. Ng3 Nxb3 24. Kf2 c4 25. Rxd8+ Rxd8 26. Rxd8+ Bxd8 27. Ne5 b5 28. Ke2 Bc7 29. Nf3 bxa4 30. Nd2 Nxd2 31. Kxd2 Be5 32. Kc2 Kf8 33. Kb1 Ke7 34. Ka2 Kd7 35. Ka3 Bc6 36. Bc1 a5 37. Bd2 Bd6+ 38. Ka2 Bb4 39. Be3 f5 40. exf5 exf5 41. Bd4 Bxg2 42. h4 Bf3 43. Be3 Ke6 44. Nf1 Ke5 45. Nd2 Bd5 46. Kb1 f4 47. Nxc4+ Bxc4 48. Bf2 Bb3 49. Kc1 Ke4 50. h5 gxh5 51. Bh4 f3 52. Bf2 Kd3 53. Bh4 Ke2 54. Bg3 f2 55. Bxf2 Kxf2 56. Kb1 h4 0-1

[Event "Titled Tuesday intern op 24th Nov"]
[Site "Chess.com INT"]
[Date "2020.11.24"]
[Round "3"]
[White "Jakubowska, Anna"]
[Black "Johnson, Joel F"]
[Result "0-1"]
[WhiteElo "2073"]
[BlackElo "2223"]
[PlyCount "38"]
[EventDate "2020.11.24"]
[EventType "swiss (blitz)"]
[EventRounds "11"]
[EventCountry "USA"]
[SourceTitle "CBM 199 Extra"]
[Source "ChessBase"]
[SourceDate "2021.01.31"]
[SourceVersion "1"]
[SourceVersionDate "2021.01.31"]
[SourceQuality "1"]

1. e4 a6 2. d4 b5 3. a4 b4 4. a5 Bb7 5. f3 e6 6. Bd3 c5 7. Ne2 Nc6 8. Be3 cxd4 9. Nxd4 Nxd4 10. Bxd4 Nf6 11. 0-0 Qc7 12. Kh1 h5 13. Nd2 h4 14. Nc4 Bc5 15. Bxc5 Qxc5 16. Be2 Nh5 17. Nd6+ Ke7 18. Nxb7 Ng3+ 19. hxg3 hxg3# 0-1

[Event "Titled Tuesday intern op 24th Nov"]
[Site "Chess.com INT"]
[Date "2020.11.24"]
[Round "5"]
[White "Johnson, Joel F"]
[Black "Loskutova, Viktoriya"]
[Result "0-1"]
[WhiteElo "2223"]
[BlackElo "2117"]
[PlyCount "66"]
[EventDate "2020.11.24"]
[EventType "swiss (blitz)"]
[EventRounds "11"]
[EventCountry "USA"]
[SourceTitle "CBM 199 Extra"]
[Source "ChessBase"]
[SourceDate "2021.01.31"]
[SourceVersion "1"]
[SourceVersionDate "2021.01.31"]
[SourceQuality "1"]

1. e4 e5 2. d4 exd4 3. Bc4 d6 4. Nf3 Nc6 5. Nxd4 Nxd4 6. Qxd4 Nf6 7. Nc3 Be7 8. h3 0-0 9. g4 Be6 10. g5 Nh5 11. f4 Bxc4 12. Qxc4 Re8 13. Be3 a6 14. 0-0-0 b5 15. Qd3 g6 16. h4 Bf8 17. Rdg1 Bg7 18. Ne2 Qe7 19. Ng3 Nxg3 20. Rxg3 Qxe4 21. Qxe4 Rxe4 22. h5 Rae8 23. Bd2 Re2 24. hxg6 hxg6 25. Rgh3 Kf8 26. Rh8+ Bxh8 27. Rxh8+ Ke7 28. Rh3 Rf2 29. Bc3 Kd7 30. b3 Ree2 31. Kb1 Rxc2 32. Bf6 Rh2 33. Re3 Rce2 0-1

[Event "Titled Tuesday intern op 24th Nov"]
[Site "Chess.com INT"]
[Date "2020.11.24"]
[Round "9"]
[White "Kazarian, Anna Maja"]
[Black "Johnson, Joel F"]
[Result "0-1"]
[WhiteElo "2096"]
[BlackElo "2223"]
[PlyCount "82"]
[EventDate "2020.11.24"]
[EventType "swiss (blitz)"]
[EventRounds "11"]
[EventCountry "USA"]
[SourceTitle "CBM 199 Extra"]
[Source "ChessBase"]
[SourceDate "2021.01.31"]
[SourceVersion "1"]
[SourceVersionDate "2021.01.31"]
[SourceQuality "1"]

1. e4 a6 2. d4 b5 3. a4 b4 4. Bc4 e6 5. e5 Bb7 6. Nf3 Ne7 7. 0-0 Nd5 8. c3 bxc3 9. bxc3 d6 10. exd6 cxd6 11. Qb3 Qc8 12. Nbd2 Be7 13. Rb1 Bc6 14. a5 Nd7 15. Re1 0-0 16. Ne4 Rb8 17. Qc2 Rxb1 18. Qxb1 Qc7 19. Qd3 Qxa5 20. Bd2 N5f6 21. Nxf6+ Nxf6 22. Bxa6 Qc7 23. h3 Ra8 24. Bb5 Bb7 25. c4 Rb8 26. Ra1 h6 27. Ba5 Qc8 28. Nd2 Bc6 29. Bxc6 Qxc6 30. Rb1 Rxb1+ 31. Qxb1 Qa4 32. Bc3 Qc6 33. Qb8+ Kh7 34. Qa7 Qd7 35. Qxd7 Nxd7 36. Ne4 f5 37. Nd2 Bf6 38. Nf3 Nb6 39. c5 Nd5 40. Bb4 Nxb4 41. cxd6 Kg8 0-1

[Event "Titled Tuesday intern op 24th Nov"]
[Site "Chess.com INT"]
[Date "2020.11.24"]
[Round "6"]
[White "Suvorov, Luca"]
[Black "Johnson, Joel F"]
[Result "1-0"]
[WhiteElo "2279"]
[BlackElo "2223"]
[PlyCount "63"]
[EventDate "2020.11.24"]
[EventType "swiss (blitz)"]
[EventRounds "11"]
[EventCountry "USA"]
[SourceTitle "CBM 199 Extra"]
[Source "ChessBase"]
[SourceDate "2021.01.31"]
[SourceVersion "1"]
[SourceVersionDate "2021.01.31"]
[SourceQuality "1"]

1. d4 b5 2. e4 a6 3. Bd3 Bb7 4. Nd2 e6 5. Ngf3 Nf6 6. 0-0 d6 7. a4 b4 8. c3 bxc3 9. bxc3 Nbd7 10. Re1 Rg8 11. Nc4 g5 12. Na5 Rb8 13. Nxb7 Rxb7 14. Bxa6 Ra7 15. Bb5 g4 16. Nd2 h5 17. Nc4 Nh7 18. a5 Ng5 19. Bxg5 Qxg5 20. Qa4 c6 21. Bxc6 g3 22. hxg3 h4 23. Bxd7+ Rxd7 24. Nb6 Ke7 25. Qxd7+ Kf6 26. e5+ Kg6 27. Re3 Bh6 28. gxh4 Qxh4 29. Rg3+ Kh7 30. Qxf7+ Rg7 31. Rxg7+ Bxg7 32. Nd7 1-0

[Event "Titled Tuesday intern op 17th Nov"]
[Site "Chess.com INT"]
[Date "2020.11.17"]
[Round "11"]
[White "Johnson, Joel F"]
[Black "Serikbay, Assel"]
[Result "1-0"]
[WhiteElo "2223"]
[BlackElo "2247"]
[PlyCount "77"]
[EventDate "2020.11.17"]
[EventType "swiss (blitz)"]
[EventRounds "11"]
[EventCountry "USA"]
[SourceTitle "CBM 199 Extra"]
[Source "ChessBase"]
[SourceDate "2021.01.31"]
[SourceVersion "1"]
[SourceVersionDate "2021.01.31"]
[SourceQuality "1"]

1. e4 c5 2. Nc3 e6 3. f4 Nc6 4. Nf3 Nge7 5. d4 cxd4 6. Nxd4 Nxd4 7. Qxd4 Nc6 8. Qf2 g6 9. Bd3 Bg7 10. 0-0 0-0 11. Be3 d5 12. exd5 exd5 13. Bc5 Re8 14. f5 Ne5 15. fxg6 fxg6 16. Rae1 Be6 17. Rxe5 Bxe5 18. Re1 Bg7 19. Qf3 b6 20. Bf2 Qf6 21. Qg3 Rf8 22. Be2 Rac8 23. Bf3 d4 24. Ne4 Qf4 25. Qxf4 Rxf4 26. Re2 Bc4 27. Rd2 Rd8 28. b3 Be6 29. Ng5 Bg4 30. Bg3 Rxf3 31. gxf3 Bf5 32. Ne4 h6 33. Kf2 Kf7 34. Ke2 Ke6 35. Kd3 g5 36. Re2 Kd5 37. Kd2 g4 38. c4+ dxc3+ 39. Nxc3+ 1-0

[Event "Titled Tuesday intern op 17th Nov"]
[Site "Chess.com INT"]
[Date "2020.11.17"]
[Round "3"]
[White "Johnson, Joel F"]
[Black "Tikhonov, Viacheslav"]
[Result "0-1"]
[WhiteElo "2223"]
[BlackElo "2200"]
[PlyCount "88"]
[EventDate "2020.11.17"]
[EventType "swiss (blitz)"]
[EventRounds "11"]
[EventCountry "USA"]
[SourceTitle "CBM 199 Extra"]
[Source "ChessBase"]
[SourceDate "2021.01.31"]
[SourceVersion "1"]
[SourceVersionDate "2021.01.31"]
[SourceQuality "1"]

1. e4 c6 2. d4 d5 3. Nc3 g6 4. Nf3 Bg7 5. Bd3 Bg4 6. e5 Nh6 7. h3 Bxf3 8. Qxf3 f6 9. e6 f5 10. 0-0 Ng8 11. Ne2 Nf6 12. c3 Qd6 13. Nf4 Na6 14. Re1 Nc7 15. Qe2 0-0 16. h4 b5 17. Nh3 a5 18. Bf4 Qd8 19. Ng5 Ne4 20. f3 Nd6 21. Kf2 h6 22. Nh3 Rf6 23. Qd2 Kh7 24. Ng5+ hxg5 25. hxg5 Rxe6 26. Rh1+ Kg8 27. Rh4 Nc4 28. Bxc4 dxc4 29. Rah1 Nd5 30. Be5 Qf8 31. Rh8+ Bxh8 32. Rxh8+ Kf7 33. Rxf8+ Rxf8 34. Qe1 b4 35. Qh1 bxc3 36. bxc3 Nxc3 37. Qh7+ Ke8 38. Qh1 Nd5 39. Qb1 c3 40. Qb8+ Kf7 41. Qb7 c2 42. Qb2 Nb4 43. a3 Nd3+ 44. Kg3 Nxb2 0-1

[Event "Speed Chess Super Swiss"]
[Site "Chess.com INT"]
[Date "2020.10.03"]
[Round "9"]
[White "Chernikov, Vladimir"]
[Black "Johnson, Joel F"]
[Result "1-0"]
[WhiteElo "2231"]
[BlackElo "2223"]
[PlyCount "83"]
[EventDate "2020.10.03"]
[EventType "swiss (blitz)"]
[EventRounds "15"]
[EventCountry "USA"]
[SourceTitle "CBM 198 Extra"]
[Source "ChessBase"]
[SourceDate "2020.11.30"]
[SourceVersion "1"]
[SourceVersionDate "2020.11.30"]
[SourceQuality "1"]

1. Nf3 d5 2. e3 Nf6 3. c4 c6 4. d4 e6 5. Nbd2 Be7 6. b3 Nbd7 7. Bb2 0-0 8. Bd3 Re8 9. Ne5 Bd6 10. f4 Nf8 11. Ndf3 Ne4 12. Bxe4 dxe4 13. Ng5 f6 14. Nef7 Bb4+ 15. Kf2 Qe7 16. a3 Ba5 17. b4 Bc7 18. Nh6+ gxh6 19. Nxe4 f5 20. Ng3 Ng6 21. Qd3 b6 22. Qc3 Bb7 23. h4 Rad8 24. h5 Nf8 25. d5 e5 26. Nxf5 Qf6 27. e4 cxd5 28. cxd5 Rc8 29. Qg3+ Kh8 30. d6 Bxd6 31. Nxd6 Qxd6 32. Rhd1 Qf6 33. Kg1 Bxe4 34. fxe5 Qg7 35. Qf2 Rc2 36. Rd2 Rec8 37. e6 Qxb2 38. Rad1 Rxd2 39. Rxd2 Rc1+ 40. Kh2 Qe5+ 41. Qg3 Qxg3+ 42. Kxg3 1-0

[Event "Speed Chess Super Swiss"]
[Site "Chess.com INT"]
[Date "2020.10.03"]
[Round "8"]
[White "Estrada Nieto, Julian"]
[Black "Johnson, Joel F"]
[Result "1-0"]
[WhiteElo "2280"]
[BlackElo "2223"]
[PlyCount "79"]
[EventDate "2020.10.03"]
[EventType "swiss (blitz)"]
[EventRounds "15"]
[EventCountry "USA"]
[SourceTitle "CBM 198 Extra"]
[Source "ChessBase"]
[SourceDate "2020.11.30"]
[SourceVersion "1"]
[SourceVersionDate "2020.11.30"]
[SourceQuality "1"]

1. e4 a6 2. d4 b5 3. Nc3 Bb7 4. Bd3 e6 5. Nf3 Nf6 6. 0-0 d6 7. e5 Nd5 8. Nxd5 Bxd5 9. a4 b4 10. Re1 Nd7 11. Ng5 Be7 12. Qh5 g6 13. Qh6 Bf8 14. Qh3 h6 15. Ne4 dxe5 16. dxe5 Bg7 17. f4 0-0 18. Be3 Qc8 19. a5 Qb7 20. Qf3 Rad8 21. Bf2 c5 22. Bh4 Rc8 23. Qf1 c4 24. Nd6 Qc6 25. Nxc8 Rxc8 26. Be2 g5 27. fxg5 Nxe5 28. gxh6 Bxh6 29. Bh5 Kh7 30. Rxe5 Rg8 31. Bg3 f5 32. Rd1 Bg7 33. Rdxd5 exd5 34. Qxf5+ Kh8 35. Re6 Qc5+ 36. Bf2 Rf8 37. Bf7 Bd4 38. Qh5+ Kg7 39. Qg6+ Kh8 40. Qh6# 1-0

[Event "Speed Chess Super Swiss"]
[Site "Chess.com INT"]
[Date "2020.10.03"]
[Round "5"]
[White "Johnson, Joel F"]
[Black "Degenbaev, Aziz"]
[Result "1-0"]
[WhiteElo "2223"]
[BlackElo "1816"]
[PlyCount "25"]
[EventDate "2020.10.03"]
[EventType "swiss (blitz)"]
[EventRounds "15"]
[EventCountry "USA"]
[SourceTitle "CBM 198 Extra"]
[Source "ChessBase"]
[SourceDate "2020.11.30"]
[SourceVersion "1"]
[SourceVersionDate "2020.11.30"]
[SourceQuality "1"]

1. e4 e6 2. d4 d5 3. Nc3 Nf6 4. Qd3 c5 5. Bg5 Be7 6. dxc5 0-0 7. exd5 exd5 8. 0-0-0 Qa5 9. Bxf6 Bxf6 10. Kb1 Nc6 11. Nxd5 Be6 12. Nxf6+ Kh8 13. Qxh7# 1-0